Normal view
MARC view
Entry Personal Name
001 - CONTROL NUMBER
- control field: 81421
003 - CONTROL NUMBER IDENTIFIER
- control field: dpl
005 - DATE AND TIME OF LATEST TRANSACTION
- control field: 20250528163015.0
008 - FIXED-LENGTH DATA ELEMENTS
- fixed length control field: 250528|| aca||aabn | a|a d
040 ## - CATALOGING SOURCE
- Original cataloging agency: dpl
- Transcribing agency: dpl
100 ## - HEADING--PERSONAL NAME
- Personal name: Suneetha, D
670 ## - SOURCE DATA FOUND
- Source citation: Work cat.: (dpl)186420: Rao, K.V. Sambasiva 81420, Object Oriented Concepts through Java Programming/, 2019
